| 000 | 00624nam a2200205 i 4500 | ||
|---|---|---|---|
| 001 | 77501 | ||
| 003 | ES-MaACL | ||
| 005 | 20250619063017.0 | ||
| 007 | t| | ||
| 008 | 041019s2003 sp ||||1| spa d | ||
| 020 | _a84-95889-46-3 | ||
| 080 | _a640.43/.44(460.27 M.) | ||
| 100 | 1 |
_aRío López, Ángel del, _d1950-2022 _997330 |
|
| 245 | 1 | 4 |
_aLos viejos cafés de Madrid / _cAngel del Río. |
| 260 |
_aMadrid : _bLa Librería, _c[2003] |
||
| 300 |
_a252 p. : _bil. ; _c24 cm. |
||
| 650 | 1 | 4 |
_aRestaurantes, cafeterías, etc.- _zMadrid. _916874 |
| 852 |
_aES-MaACL _jL-28286 _bR.134213 |
||
| 999 |
_c77501 _d77501 |
||